[Event "Catalunya-chT Gp1"]
[Site "Barcelona"]
[Date "2016.02.20"]
[Round "5.2"]
[White "Guerrero Sanmarti, Richard"]
[Black "Garcia, Eduardo"]
[Result "1/2-1/2"]
[WhiteElo "2247"]
[BlackElo "2239"]
[PlyCount "27"]
[EventDate "2016.01.23"]
[EventType "team-tourn"]
[EventRounds "7"]
[EventCountry "ESP"]
[SourceTitle "EXT 2017"]
[Source "ChessBase"]
[SourceDate "2016.10.25"]
[SourceVersion "1"]
[SourceVersionDate "2016.10.25"]
[SourceQuality "1"]
[WhiteTeam "Barcelona Unio Graciencia"]
[BlackTeam "Montcada"]
[WhiteTeamCountry "ESP"]
[BlackTeamCountry "ESP"]

1. d4 d5 2. Nf3 e6 3. e3 c5 4. b3 Nf6 5. Bb2 Bd6 6. Bd3 0-0 7. Nbd2 Nc6 8. a3 cxd4 9. exd4 Nh5 10. g3 f5 11. Ne5 Nf6 12. c4 a5 13. 0-0 Bd7 14. Qe2 1/2-1/2

[Event "Sant Adria de Besos op 09th"]
[Site "Sant Adria de Besos"]
[Date "2013.06.09"]
[Round "9"]
[White "Guerrero Sanmarti, Richard"]
[Black "Palomares Fite, Jordi"]
[Result "1-0"]
[WhiteElo "2227"]
[BlackElo "1966"]
[PlyCount "39"]
[EventDate "2013.04.14"]
[EventType "swiss"]
[EventRounds "9"]
[EventCountry "ESP"]
[SourceTitle "EXT 2015"]
[Source "ChessBase"]
[SourceDate "2014.11.20"]
[SourceVersion "1"]
[SourceVersionDate "2014.11.20"]
[SourceQuality "1"]

1. e4 b6 2. d4 Bb7 3. Bd3 e6 4. Nf3 d6 5. Qe2 Nd7 6. 0-0 g6 7. Ng5 Bg7 8. d5 e5 9. Nc3 Ne7 10. f4 exf4 11. Bxf4 0-0 12. Qg4 Bc8 13. Qh4 h6 14. Nh3 Kh7 15. Bxh6 Bxh6 16. Ng5+ Kg7 17. Rxf7+ Rxf7 18. Ne6+ Kh7 19. Nxd8 Rg7 20. Ne6 1-0

[Event "Sant Adria de Besos op 09th"]
[Site "Sant Adria de Besos"]
[Date "2013.04.14"]
[Round "1"]
[White "Flores Linan, Josep Luis"]
[Black "Guerrero Sanmarti, Richard"]
[Result "1-0"]
[WhiteElo "1858"]
[BlackElo "2227"]
[PlyCount "99"]
[EventDate "2013.04.14"]
[EventType "swiss"]
[EventRounds "9"]
[EventCountry "ESP"]
[SourceTitle "EXT 2015"]
[Source "ChessBase"]
[SourceDate "2014.11.20"]
[SourceVersion "1"]
[SourceVersionDate "2014.11.20"]
[SourceQuality "1"]

1. d4 b6 2. Nf3 Bb7 3. g3 e6 4. Bg2 f5 5. 0-0 Nf6 6. c4 c5 7. Nc3 Na6 8. Bg5 h6 9. Bf4 Nh5 10. Bd2 Qf6 11. e3 0-0-0 12. Ne5 g6 13. Qa4 Rh7 14. Nb5 Kb8 15. Bc3 Qe7 16. d5 exd5 17. cxd5 Qe8 18. d6 Rc8 19. Rfd1 Nf6 20. Rd2 Ne4 21. Rd3 c4 22. Rd5 Nxc3 23. bxc3 Bg7 24. f4 Qe6 25. Rad1 Rhh8 26. Nc7 Nxc7 27. dxc7+ Rxc7 28. Rd6 Qe7 29. Rxd7 Qc5 30. Rd8+ Rxd8 31. Rxd8+ Bc8 32. Nd7+ Rxd7 33. Qxd7 Qxe3+ 34. Kf1 Qd3+ 35. Qxd3 cxd3 36. c4 Kc7 37. Rg8 Bc3 38. Rxg6 Ba6 39. Bd5 h5 40. Re6 d2 41. Ke2 Bc8 42. Re3 Ba5 43. Rd3 b5 44. cxb5 Kb6 45. a4 Kc5 46. Bf7 Bb7 47. Bxh5 a6 48. Bf3 Bxf3+ 49. Kxf3 axb5 50. axb5 1-0

[Event "Barcelona Sants op 14th"]
[Site "Barcelona"]
[Date "2012.08.18"]
[Round "2"]
[White "Ibarra Jerez, Jose Carlos"]
[Black "Guerrero Sanmarti, Richard"]
[Result "1-0"]
[WhiteElo "2540"]
[BlackElo "2258"]
[PlyCount "95"]
[EventDate "2012.08.17"]
[EventType "swiss"]
[EventRounds "10"]
[EventCountry "ESP"]
[SourceTitle "CBM 150 Extra"]
[Source "ChessBase"]
[SourceDate "2012.10.19"]
[SourceVersion "1"]
[SourceVersionDate "2012.10.19"]
[SourceQuality "1"]

1. e4 c5 2. Nf3 d6 3. d4 cxd4 4. Nxd4 Nf6 5. Nc3 Nc6 6. Bg5 e6 7. Qd2 a6 8. 0-0-0 h6 9. Be3 b5 10. f3 Bd7 11. Kb1 Ne5 12. Bd3 Rb8 13. Rhe1 Qc7 14. Ka1 b4 15. Nce2 d5 16. Bf4 Bd6 17. Bxe5 Bxe5 18. f4 Bxd4 19. Nxd4 dxe4 20. Bxe4 Nxe4 21. Rxe4 0-0 22. Re2 a5 23. Qe3 a4 24. Red2 Qc5 25. Qe5 Rfc8 26. Nf3 Qxe5 27. Nxe5 Bb5 28. b3 f6 29. Nf3 a3 30. Kb1 Bc6 31. Nd4 Bd5 32. Nf5 Kf8 33. Ne3 Bc6 34. Rd4 Be8 35. Re4 Bg6 36. Rxe6 Kf7 37. Red6 Be4 38. R6d4 f5 39. Nc4 Kg8 40. R1d2 Re8 41. Nd6 Re6 42. Re2 Bd5 43. Rxe6 Bxe6 44. Kc1 Kf8 45. g3 Ke7 46. Nc4 Rd8 47. Rxd8 Kxd8 48. Ne5 1-0

[Event "Catalunya-chT"]
[Site "Barcelona"]
[Date "2011.04.02"]
[Round "10"]
[White "Llaneza Vega, Patricia"]
[Black "Guerrero Sanmarti, Richard"]
[Result "1-0"]
[WhiteElo "2237"]
[BlackElo "2224"]
[PlyCount "69"]
[EventDate "2011.01.29"]
[EventType "team-tourn"]
[EventRounds "11"]
[EventCountry "ESP"]
[SourceTitle "EXT 2012"]
[Source "ChessBase"]
[SourceDate "2011.11.24"]
[SourceVersion "1"]
[SourceVersionDate "2011.11.24"]
[SourceQuality "1"]
[WhiteTeam "Forment"]
[BlackTeam "Barcelona"]
[WhiteTeamCountry "ESP"]
[BlackTeamCountry "ESP"]

1. e4 c5 2. Nf3 Nc6 3. d4 cxd4 4. Nxd4 Nf6 5. Nc3 e5 6. Ndb5 d6 7. Bg5 a6 8. Na3 b5 9. Bxf6 gxf6 10. Nd5 Bg7 11. Bd3 Ne7 12. Nxe7 Qxe7 13. 0-0 f5 14. exf5 Bb7 15. Qg4 Bf6 16. c4 h5 17. Qe2 bxc4 18. Nxc4 Rg8 19. g3 Rd8 20. Na5 Ba8 21. Bxa6 Kf8 22. Bb5 h4 23. Nc6 Qd7 24. Nxd8 Qxd8 25. Rac1 hxg3 26. hxg3 Bg5 27. Rc3 Bf4 28. f6 Rg6 29. Qc4 Rh6 30. Bc6 Bxc6 31. Qxc6 Qxf6 32. gxf4 exf4 33. Qc8+ Kg7 34. Rh3 Rh4 35. Kh2 1-0

[Event "Catalunya-chT"]
[Site "Barcelona"]
[Date "2011.03.12"]
[Round "7.6"]
[White "Gomez Jurado, Luis Alberto"]
[Black "Guerrero Sanmarti, Richard"]
[Result "1-0"]
[WhiteElo "2347"]
[BlackElo "2224"]
[PlyCount "77"]
[EventDate "2011.01.29"]
[EventType "team-tourn"]
[EventRounds "11"]
[EventCountry "ESP"]
[SourceTitle "EXT 2012"]
[Source "ChessBase"]
[SourceDate "2011.11.24"]
[SourceVersion "1"]
[SourceVersionDate "2011.11.24"]
[SourceQuality "1"]
[WhiteTeam "Barbera"]
[BlackTeam "Barcelona"]
[WhiteTeamCountry "ESP"]
[BlackTeamCountry "ESP"]

1. c4 Nf6 2. g3 g6 3. Bg2 Bg7 4. Nc3 0-0 5. e4 d6 6. Nge2 c5 7. 0-0 Nc6 8. d3 Bg4 9. h3 Bd7 10. Be3 e5 11. f4 Qc8 12. fxe5 Nxe5 13. Bg5 Nh5 14. Nd5 Re8 15. Kh2 b5 16. Nef4 Bg4 17. Qd2 bxc4 18. Nxh5 Bxh5 19. Nf6+ Bxf6 20. Bxf6 Re6 21. Bxe5 Rxe5 22. dxc4 Qe6 23. g4 Bxg4 24. hxg4 Qxg4 25. Qxd6 Rae8 26. Qf6 Qh5+ 27. Kg1 g5 28. Rad1 R5e6 29. Qf3 g4 30. Qf5 Qh6 31. Qxf7+ Kh8 32. Rd7 g3 33. Rf4 Rg8 34. Qf5 Rge8 35. Qh3 Qxh3 36. Bxh3 Rxe4 37. Rxe4 Rxe4 38. Rxh7+ Kg8 39. Rxa7 1-0

[Event "Catalunya-chT"]
[Site "Barcelona"]
[Date "2011.02.05"]
[Round "2.7"]
[White "Guerrero Sanmarti, Richard"]
[Black "Mestre Bellido, Hector"]
[Result "0-1"]
[WhiteElo "2224"]
[BlackElo "2379"]
[PlyCount "25"]
[EventDate "2011.01.29"]
[EventType "team-tourn"]
[EventRounds "11"]
[EventCountry "ESP"]
[SourceTitle "EXT 2012"]
[Source "ChessBase"]
[SourceDate "2011.11.24"]
[SourceVersion "1"]
[SourceVersionDate "2011.11.24"]
[SourceQuality "1"]
[WhiteTeam "Barcelona"]
[BlackTeam "UGA"]
[WhiteTeamCountry "ESP"]
[BlackTeamCountry "ESP"]

1. e4 e5 2. Nf3 Nc6 3. d4 exd4 4. c3 dxc3 5. Bc4 d6 6. 0-0 Be6 7. Bxe6 fxe6 8. Qb3 cxb2 9. Bxb2 Qd7 10. Ng5 Nd8 11. f4 h6 12. Qh3 e5 13. f5 0-1

[Event "Sants op 8th"]
[Site "Sants"]
[Date "2006.08.25"]
[Round "1.48"]
[White "Guerrero Sanmarti, Richard"]
[Black "Leon Escoda, Manuel"]
[Result "1-0"]
[WhiteElo "2248"]
[BlackElo "1986"]
[PlyCount "61"]
[EventDate "2006.08.25"]
[EventType "swiss"]
[EventRounds "10"]
[EventCountry "ESP"]
[SourceTitle "EXT 2022"]
[Source "ChessBase"]
[SourceDate "2021.10.06"]
[SourceVersion "1"]
[SourceVersionDate "2021.10.06"]
[SourceQuality "1"]

1. e4 c5 2. Nf3 d6 3. d4 cxd4 4. Nxd4 Nf6 5. Nc3 a6 6. Bg5 e6 7. f4 Be7 8. Qf3 Qc7 9. 0-0-0 b5 10. e5 Bb7 11. exd6 Bxd6 12. Qe3 Nd5 13. Nxd5 Bxd5 14. Bxb5+ axb5 15. Nxb5 Qc5 16. Nxd6+ Qxd6 17. Rxd5 Qxd5 18. Rd1 Qxd1+ 19. Kxd1 0-0 20. a3 Na6 21. b4 Nc7 22. c4 f6 23. Bh4 Rfd8+ 24. Kc2 Rd7 25. Be1 Kf7 26. b5 Rc8 27. Kb3 Rcd8 28. Bc3 Rd1 29. Qa7 R8d7 30. b6 Nb5 31. cxb5 1-0

[Event "Catalunya-chT"]
[Site "Spain"]
[Date "2004.??.??"]
[Round "?"]
[White "Guerrero Sanmarti, Richard"]
[Black "Espau Guillem, Josep"]
[Result "1-0"]
[WhiteElo "2265"]
[BlackElo "2057"]
[PlyCount "87"]
[EventDate "2004.??.??"]
[EventType "team"]
[EventRounds "9"]
[EventCountry "ESP"]
[SourceTitle "EXT 2007"]
[Source "ChessBase"]
[SourceDate "2006.11.23"]
[SourceVersion "1"]
[SourceVersionDate "2006.11.23"]
[SourceQuality "1"]

1. Nc3 e5 2. Nf3 Nc6 3. d4 exd4 4. Nxd4 Bb4 5. Nxc6 Bxc3+ 6. bxc3 bxc6 7. Qd4 Qf6 8. e4 Qxd4 9. cxd4 Nf6 10. e5 Nd5 11. Ba3 Rb8 12. Kd2 a5 13. g3 h5 14. h4 Rh6 15. Bd3 Kd8 16. Rab1 Ra8 17. Bf8 Rh8 18. Bxg7 Rg8 19. Bh6 d6 20. Bg5+ Ne7 21. exd6 cxd6 22. Rhe1 Ra7 23. Re3 Re8 24. Be2 Be6 25. Rb8+ Kd7 26. Rxe8 Kxe8 27. Bxe7 Rxe7 28. a3 Bd5 29. Rxe7+ Kxe7 30. Bxh5 Kf6 31. Be2 Kf5 32. Ke3 f6 33. g4+ Kg6 34. Bd3+ Kg7 35. Kf4 Be6 36. Bf5 Bc4 37. Ke3 Kf7 38. f4 Ba6 39. h5 Kg7 40. g5 fxg5 41. fxg5 Bc4 42. Be4 c5 43. dxc5 dxc5 44. Kf4 1-0

[Event "Catalunya-chT"]
[Site "Spain"]
[Date "2004.??.??"]
[Round "?"]
[White "Guerrero Sanmarti, Richard"]
[Black "Rise Font, Josep Maria"]
[Result "1-0"]
[WhiteElo "2265"]
[BlackElo "2050"]
[PlyCount "91"]
[EventDate "2004.??.??"]
[EventType "team"]
[EventRounds "9"]
[EventCountry "ESP"]
[SourceTitle "EXT 2007"]
[Source "ChessBase"]
[SourceDate "2006.11.23"]
[SourceVersion "1"]
[SourceVersionDate "2006.11.23"]
[SourceQuality "1"]

1. Nc3 d5 2. d4 Nf6 3. Bg5 Bf5 4. e3 Nbd7 5. Nf3 c6 6. Bd3 Bg6 7. 0-0 e6 8. Qe2 Be7 9. h3 0-0 10. Rad1 Re8 11. Bxf6 Nxf6 12. Ne5 Bd6 13. f4 c5 14. Nb5 a6 15. Nxd6 Qxd6 16. Nxg6 hxg6 17. c3 c4 18. Bb1 Qc6 19. g4 Rad8 20. Qg2 b5 21. Kh1 Ne4 22. Rg1 f6 23. Rdf1 Kf7 24. Bxe4 dxe4 25. f5 g5 26. fxe6+ Kxe6 27. Rf5 Kf7 28. Rgf1 Rd5 29. Qg3 Red8 30. Kg2 a5 31. h4 Rxf5 32. Rxf5 Rd5 33. hxg5 Rxf5 34. gxf5 fxg5 35. Qe5 Qe8 36. Qd6 Kg8 37. Qe6+ Kf8 38. Qxe8+ Kxe8 39. Kg3 Ke7 40. Kg4 Kf6 41. d5 g6 42. fxg6 Kxg6 43. d6 Kf6 44. d7 Ke7 45. Kxg5 Kxd7 46. Kf5 1-0

[Event "Catalunya-chT"]
[Site "Spain"]
[Date "2003.??.??"]
[Round "9"]
[White "Guerrero Sanmarti, Richard"]
[Black "Garcia Gil, Javier"]
[Result "1/2-1/2"]
[WhiteElo "2212"]
[BlackElo "2264"]
[PlyCount "84"]
[EventDate "2003.??.??"]
[EventType "team"]
[EventRounds "9"]
[EventCountry "ESP"]
[SourceTitle "EXT 2007"]
[Source "ChessBase"]
[SourceDate "2006.11.23"]
[SourceVersion "1"]
[SourceVersionDate "2006.11.23"]
[SourceQuality "1"]

1. Nc3 c5 2. Nf3 e6 3. e4 a6 4. d4 cxd4 5. Nxd4 Qb6 6. Nb3 Qc7 7. Bd3 b5 8. a3 Bb7 9. 0-0 Nf6 10. Qe2 d6 11. f4 Be7 12. e5 Nd5 13. f5 dxe5 14. fxe6 Qb6+ 15. Kh1 Qxe6 16. Nxd5 Bxd5 17. Bf5 Qc6 18. Na5 Qc7 19. Bd2 Nc6 20. Nxc6 Bxc6 21. Bc3 Bd6 22. Rae1 0-0 23. Bxe5 g6 24. Bxd6 Qxd6 25. Qg4 Rae8 26. Bd3 Rxe1 27. Rxe1 Qf6 28. b3 h5 29. Qg3 h4 30. Qg4 Kg7 31. Rf1 Qd8 32. h3 Re8 33. Rxf7+ Kxf7 34. Qxg6+ Kf8 35. Qh6+ Ke7 36. Qxc6 Qd4 37. Qxa6 Qa1+ 38. Kh2 Qe5+ 39. Kh1 Qe1+ 40. Kh2 Qg3+ 41. Kh1 Qe1+ 42. Kh2 Qg3+ 1/2-1/2

[Event "Catalunya-chT"]
[Site "Spain"]
[Date "2003.??.??"]
[Round "8"]
[White "Monell Camarasa, David"]
[Black "Guerrero Sanmarti, Richard"]
[Result "0-1"]
[WhiteElo "2219"]
[BlackElo "2212"]
[PlyCount "68"]
[EventDate "2003.??.??"]
[EventType "team"]
[EventRounds "9"]
[EventCountry "ESP"]
[SourceTitle "EXT 2007"]
[Source "ChessBase"]
[SourceDate "2006.11.23"]
[SourceVersion "1"]
[SourceVersionDate "2006.11.23"]
[SourceQuality "1"]

1. d4 d5 2. c4 e6 3. Nc3 c6 4. Nf3 f5 5. Bg5 Nf6 6. e3 Nbd7 7. Ne5 Be7 8. Nxd7 Bxd7 9. Bxf6 Bxf6 10. f4 0-0 11. c5 Kh8 12. Be2 g5 13. 0-0 Qe7 14. Qd2 Qg7 15. Rad1 Rg8 16. Bf3 Raf8 17. Kh1 Qh6 18. Be2 Rg7 19. Rg1 Rfg8 20. b4 Rg6 21. g3 gxf4 22. exf4 Rxg3 23. Rxg3 Rxg3 24. a4 Rh3 25. Bf1 Rh4 26. Ne2 Rxh2+ 27. Kg1 Rh1+ 28. Kf2 Qh4+ 29. Ke3 Qg4 30. Qd3 Rh2 31. b5 Bd8 32. bxc6 Bxc6 33. Rb1 Bc7 34. Qb3 Bxf4+ 0-1

[Event "Barceloneta op 2nd"]
[Site "Barcelona"]
[Date "2002.10.19"]
[Round "4"]
[White "Orriols Miro, Clara"]
[Black "Guerrero Sanmarti, Richard"]
[Result "0-1"]
[WhiteElo "2048"]
[BlackElo "2212"]
[PlyCount "64"]
[EventDate "2002.09.30"]
[EventType "swiss"]
[EventRounds "9"]
[EventCountry "ESP"]
[SourceTitle "EXT 2004"]
[Source "ChessBase"]
[SourceDate "2003.11.25"]
[SourceVersion "1"]
[SourceVersionDate "2003.11.25"]
[SourceQuality "1"]

1. e4 c5 2. Nf3 e6 3. d4 cxd4 4. Nxd4 a6 5. Nc3 Qc7 6. Bd3 Nc6 7. Nb3 b5 8. 0-0 b4 9. Ne2 Nf6 10. Ned4 Nxd4 11. Nxd4 Bc5 12. Nb3 Ba7 13. Kh1 Bb7 14. Qe1 Ng4 15. f4 Qb6 16. h3 h5 17. Bd2 a5 18. Nc1 g5 19. c3 Nf2+ 20. Kh2 g4 21. h4 g3+ 22. Kxg3 Rg8+ 23. Kh2 f5 24. Qe2 Rg4 25. g3 fxe4 26. Bc2 e3 27. Be1 Qc6 28. Rg1 0-0-0 29. Nd3 Rxg3 30. Bxf2 Rg2+ 31. Kh3 exf2 32. Rgf1 Rg3+ 0-1

[Event "UGA Inverno op"]
[Site "Barcelona"]
[Date "2002.??.??"]
[Round "6"]
[White "Ayza Leon, David"]
[Black "Guerrero Sanmarti, Richard"]
[Result "0-1"]
[WhiteElo "2045"]
[BlackElo "2300"]
[PlyCount "126"]
[EventDate "2002.01.21"]
[EventType "swiss"]
[EventRounds "7"]
[EventCountry "ESP"]
[SourceTitle "EXT 2003"]
[Source "ChessBase"]
[SourceDate "2002.11.25"]
[SourceVersion "1"]
[SourceVersionDate "2002.11.25"]
[SourceQuality "1"]

1. e4 e5 2. Bc4 Nf6 3. Nc3 Bc5 4. Nf3 Nc6 5. 0-0 d6 6. h3 Be6 7. Bxe6 fxe6 8. d3 0-0 9. Na4 Bb6 10. Nxb6 axb6 11. Bg5 h6 12. Bh4 Qe8 13. Re1 Qg6 14. c3 Rf7 15. Bxf6 Rxf6 16. d4 Raf8 17. Re3 exd4 18. cxd4 Rf4 19. d5 exd5 20. Qxd5+ Kh8 21. Qd3 Qf6 22. Rb1 g5 23. b3 g4 24. hxg4 Rxg4 25. Rf1 Rfg8 26. Ne1 Qg6 27. g3 Ne5 28. Qd4 Kh7 29. Nd3 Nc6 30. Qd5 Re8 31. Rfe1 h5 32. Qf5 Qxf5 33. exf5 Rf8 34. Rf3 Nd4 35. Rf4 Nxf5 36. Re7+ Rg7 37. Rxg7+ Kxg7 38. g4 hxg4 39. Rxg4+ Kf7 40. Rc4 c5 41. a4 Nd4 42. Nc1 Ke6 43. Rc3 Kd5 44. Kf1 Rh8 45. Kg2 b5 46. axb5 Nxb5 47. Rd3+ Kc6 48. f4 Nd4 49. Rc3 Kd5 50. Rg3 Ke4 51. Rg7 b5 52. Rf7 Rg8+ 53. Kf2 Rg4 54. Re7+ Kxf4 55. Nd3+ Kf5 56. Rd7 Ke6 57. Rb7 Re4 58. Rb6 Kd5 59. Nc1 Rh4 60. Kg2 Rf4 61. Rb8 Rf3 62. b4 Rc3 63. bxc5 dxc5 0-1

[Event "UGA Inverno op"]
[Site "Barcelona"]
[Date "2002.??.??"]
[Round "1"]
[White "Guerrero Sanmarti, Richard"]
[Black "Genover Rodriguez, Ignasi"]
[Result "1-0"]
[WhiteElo "2300"]
[BlackElo "1875"]
[PlyCount "63"]
[EventDate "2002.01.21"]
[EventType "swiss"]
[EventRounds "7"]
[EventCountry "ESP"]
[SourceTitle "EXT 2003"]
[Source "ChessBase"]
[SourceDate "2002.11.25"]
[SourceVersion "1"]
[SourceVersionDate "2002.11.25"]
[SourceQuality "1"]

1. e4 e6 2. d4 d5 3. exd5 exd5 4. Bd3 Nf6 5. Nf3 Bd6 6. Nc3 0-0 7. 0-0 c6 8. Bg5 Bg4 9. h3 Bh5 10. g4 Bg6 11. Ne5 Re8 12. f4 Qb6 13. Bxg6 fxg6 14. Qd3 Nbd7 15. Kh1 Rf8 16. Rae1 Rae8 17. Bh4 Qc7 18. Rf3 Bb4 19. Rff1 Ne4 20. Rxe4 dxe4 21. Qc4+ Kh8 22. Qxb4 Nf6 23. Qc4 Qe7 24. Nxe4 Qe6 25. Qxe6 Rxe6 26. Ng5 Re7 27. Re1 Kg8 28. f5 gxf5 29. gxf5 Rc8 30. Ne6 b6 31. Rg1 Kh8 32. Rxg7 1-0

[Event "UGA Inverno op"]
[Site "Barcelona"]
[Date "2002.??.??"]
[Round "7"]
[White "Guerrero Sanmarti, Richard"]
[Black "Serrano Pertinez, Miquel"]
[Result "1-0"]
[WhiteElo "2300"]
[BlackElo "2270"]
[PlyCount "73"]
[EventDate "2002.01.21"]
[EventType "swiss"]
[EventRounds "7"]
[EventCountry "ESP"]
[SourceTitle "EXT 2003"]
[Source "ChessBase"]
[SourceDate "2002.11.25"]
[SourceVersion "1"]
[SourceVersionDate "2002.11.25"]
[SourceQuality "1"]

1. e4 c6 2. d4 d5 3. f3 e6 4. Be3 dxe4 5. Nd2 Nf6 6. fxe4 e5 7. Ngf3 exd4 8. Bxd4 Nbd7 9. c3 Bc5 10. Bc4 b5 11. Bb3 0-0 12. 0-0 a5 13. e5 Nd5 14. Qe2 Qe7 15. Ne4 Ba6 16. Qf2 Bxd4 17. Qxd4 Rae8 18. Nd6 Rd8 19. Bxd5 cxd5 20. Qa7 Ra8 21. Qe3 Rab8 22. Rfe1 Rfd8 23. Nf5 Qe6 24. N3d4 Qb6 25. Qg5 g6 26. Ne7+ Kg7 27. Nec6 Re8 28. Nxb8 Nxb8 29. Kh1 Bc8 30. Qf6+ Qxf6 31. exf6+ Kf8 32. Rxe8+ Kxe8 33. Re1+ Be6 34. Nxe6 fxe6 35. Rxe6+ Kf7 36. Re7+ Kxf6 37. Rb7 1-0